000
00338 a2200157 4500
001
182523
020
_a
85-85940-75-1
040
_c
Magnum
100
_a
Gonzaga, Tomás Antônio
240
1
0
_a
Marília de dirceu
_l
por
245
1
0
_a
Marília de dirceu
300
_a
190
362
0
_a
1997
697
_a
LITERATURA GERAL
942
_c
BK
999
_c
182523
_d
182523